000 00755nam a2200277Ia 4500
005 20260324112638.0
008 008 260324s9999 xx 000 0 eng d
020 _a9781003476207
037 _aEBOOK
040 _aCRL
040 _beng
040 _cCRL
041 _2eng
041 _aeng
084 _qCRL
100 _aArun Kumar Rana; Vishnu Sharma; Sanjeev Kumar Rana; Vijay Shanker Chaudhary
_91143561
245 0 _aEvolution of Machine Learning and Internet of Things Applications in Biomedical Engineering
260 _bTaylor and Francis
260 _c2024
365 _a
365 _b240
856 _uhttp://www.taylorfrancis.com/books/9781003476207
942 _cEBOOK
999 _c1732848
_d1732848